000
00348nam a2200145Ia 4500
008
151213s9999 xx 000 0 und d
100
_a
Arnold Burnett
245
_a
London Life
_c
Arnold Burnett
260
_a
London
_b
Chaffo & Windus
_c
1924
300
_a
6546 p.
650
_a
English
650
_a
Play
700
_a
Arnold Burnett
999
_c
3628
_d
3628